<The> new public diplomacy soft power in international relations

Na minha lista:
Detalhes bibliográficos
Outros Autores: Melissen, Jan
Formato: Livro
Idioma:inglês
Publicado em: New York Palgrave 2007
Colecção:Studies in diplomacy and international relations
Assuntos:
Tags: Adicionar Tag
Sem tags, seja o primeiro a adicionar uma tag!

MARC

LEADER 00000nam$a2200000$$$4500
001 0081810
005 20240315115555.1
020 |a 978-0-230-53554-1 
041 0 |a eng 
044 |a US 
245 1 0 |a <The> new public diplomacy  |b soft power in international relations  |c edited by: Jan Melissen 
264 1 |a New York  |b Palgrave  |c 2007 
300 |a 221 s. 
490 1 |a Studies in diplomacy and international relations 
830 0 |a Studies in diplomacy and international relations 
610 2 0 |a diplomacia 
610 2 0 |a vzťahy medzinárodné 
610 2 0 |a teória a prax 
610 2 0 |a moc štátna 
610 2 0 |a politika verejná 
610 2 0 |a diplomati 
610 2 0 |a politika svetová 
610 2 0 |a politika zahraničná 
610 2 0 |a revolúcia 
610 2 0 |a terorizmus 
610 2 0 |a komunikácia 
610 2 0 |a informácie 
610 2 0 |a paradigma 
610 2 0 |a Amerika 
610 2 0 |a Kanada 
610 2 0 |a Nórsko 
610 2 0 |a Čína 
610 2 0 |a Európska únia 
610 2 0 |a USA 
610 2 0 |a Francúzsko 
700 1 |a Melissen, Jan